Podnikateľská komunikácia - obsahová náplň predmetu na EU v Bratislave

Obsahové prvky predmetu Podnikateľská komunikácia na Katedre slovanských jazykov Ekonomickej univerzity v Bratislave. Písomná komunikácia v ruskom jazyku. Podpísanie kontraktu. Dopyt a ponuka. Objednávka. Colné dokumenty. Reklamácia. Splnomocnenie. Platba.

Na minha lista:
Detalhes bibliográficos
Autor principal: Tomovčíková, Stanislava
Formato: Capítulo de Livro
Idioma:eslovaco
Assuntos:
Tags: Adicionar Tag
Sem tags, seja o primeiro a adicionar uma tag!

MARC

LEADER 00000naa$a2200000$$$4500
001 0082713
005 20240502083219.9
041 0 |a slo 
044 |a CZ 
245 1 0 |a Podnikateľská komunikácia - obsahová náplň predmetu na EU v Bratislave  |c Stanislava Tomovčíková - Hudíková 
520 |a Obsahové prvky predmetu Podnikateľská komunikácia na Katedre slovanských jazykov Ekonomickej univerzity v Bratislave. Písomná komunikácia v ruskom jazyku. Podpísanie kontraktu. Dopyt a ponuka. Objednávka. Colné dokumenty. Reklamácia. Splnomocnenie. Platba. 
610 2 0 |a jazyky cudzie 
610 2 0 |a vzdelávanie vysokoškolské 
610 2 0 |a univerzity 
610 2 0 |a komunikácia 
610 2 0 |a predmety učebné 
610 2 0 |a podnikanie 
100 1 |a Tomovčíková, Stanislava